[Event "GER-ch U14 Girls"]
[Site "Oberhof"]
[Date "2010.05.27"]
[Round "7"]
[White "Ehrenberg, Natalie"]
[Black "Hartewig, Anja"]
[Result "0-1"]
[WhiteElo "1149"]
[BlackElo "1471"]
[PlyCount "48"]
[EventDate "2010.05.22"]
[EventType "swiss"]
[EventRounds "9"]
[EventCountry "GER"]
[SourceTitle "CBM 136 Extra"]
[Source "ChessBase"]
[SourceDate "2010.07.02"]
[SourceVersion "2"]
[SourceVersionDate "2010.07.15"]
[SourceQuality "1"]

1. e4 d6 2. d4 Nf6 3. Nc3 g6 4. Nf3 Bg7 5. Be2 c6 6. 0-0 b5 7. a3 0-0 8. Bg5 Nbd7 9. e5 dxe5 10. Nxe5 Bb7 11. Bf3 Rc8 12. Re1 a6 13. d5 Nxe5 14. Rxe5 cxd5 15. Re1 Rc7 16. Qd2 Ne4 17. Bxe4 dxe4 18. Rad1 Qxd2 19. Rxd2 Rxc3 20. bxc3 Bxc3 21. Rde2 Bxe1 22. Rxe1 f6 23. Be3 Rc8 24. Re2 Rc3 0-1